| 000 | 00898nam a2200253 a 4500 | ||
|---|---|---|---|
| 001 | 000010718 | ||
| 003 | DO-SdBNP | ||
| 005 | 20221117122111.0 | ||
| 008 | 091009s2000 dr 000 0 spa d | ||
| 040 |
_aBNPHU _bspa _cBPMSU |
||
| 082 | 4 |
_a370.97293 _bM826e 2000 _222 |
|
| 100 | 1 | _aMoquete, Jacobo | |
| 245 | 1 | 0 |
_aEnsayos sobre la educación dominicana / _cJacobo Moquete de la Rosa. |
| 260 |
_aSanto Domingo : _bUASD, _c2000. |
||
| 300 |
_a202 p. ; _c21 cm. |
||
| 490 | 0 |
_aPublicaciones de la Universidad Autónoma de Santo Domingo ; _aEducación y sociedad, _v486/40 |
|
| 500 | _aIncluye datos biográficos del autor en la contracubierta | ||
| 504 | _aIncluye bibliografías | ||
| 650 | 4 |
_aEducación _zRepública Dominicana |
|
| 650 | 4 |
_aEducadores _zRepública Dominicana _xBiografías |
|
| 710 | 2 | 2 | _aUniversidad Autónoma de Santo Domingo |
| 910 | _aVMateo V./Validado | ||
| 942 |
_2ddc _cBK |
||
| 999 |
_c14335 _d14335 |
||